00454nam a2200181Ia 4500003000400000005001700004008004100021020002200062040000700084041000800091082002100099100001600120245004600136260004500182300001200227365001400239650001900253OSt20230412111348.0210423s2017 xx 000 0 und d a978-93-5053-590-5 cAL aeng a336.2 223bBARN aBARAD (H D) aNew dimension in tax and system under GST aNew DelhibCyber Tech Publicationsc2017 a216bHB b1500cINR aPublic Finance